Bankovní a finanční sektor ve třetím tisíciletí

Štúdia poradenskej spoločnosti Andersen Consulting analyzovala stratégie popredných bankových spoločností na európskom finančnom trhu a poodhalila kľúčové oblasti úspechu a stratégie podnikania týchto bánk. Identifikuje jednotlivé kategórie bankových inštitúcií a ich typických predstaviteľov.

Salvato in:
Dettagli Bibliografici
Natura: Capitolo di libro
Lingua:ceco
Soggetti:
Tags: Aggiungi Tag
Nessun Tag, puoi essere il primo ad aggiungerne!!

MARC

LEADER 00000naa a2200000 4500
001 r040753
005 20231004072105.8
041 0 |a cze 
044 |a CZ 
245 1 0 |a Bankovní a finanční sektor ve třetím tisíciletí 
520 |a Štúdia poradenskej spoločnosti Andersen Consulting analyzovala stratégie popredných bankových spoločností na európskom finančnom trhu a poodhalila kľúčové oblasti úspechu a stratégie podnikania týchto bánk. Identifikuje jednotlivé kategórie bankových inštitúcií a ich typických predstaviteľov. 
610 2 0 |a bankovníctvo 
610 2 0 |a trh finančný 
610 2 0 |a stratégia podniková 
610 2 0 |a banky 
610 2 0 |a modely 
610 2 0 |a Európa